00674nam a2200193 a 450000100060000000300090000600800410001502000150005604000280007108200180009910000270011724500430014426000230018730000090021050501760021965000250039565000360042065000240045622908CO-ViMGA141112s2004 ck r 000 u spa d a9583367478 aCO-ViMGAbspacCO-ViMGA04aCo863.6 F138c1 aFadul Vergara, William10aCuentos Lùdicos... para los desvelos aEspaña : bFamec a87p. aConfucicon caraqueña, El fantasmas de la embajada, Amor de gatos, Catalepsia poética, Amores de planatar, El balcon de los sueños, Sueño Américano, Genoma Ludico14aCUENTOS COLOMBIANOS 14aREFUGIADOS POLITICOS - CUENTOS 14aSUEÑOS - CUENTOS